<?xml version="1.0" encoding="UTF-8"?>
<marc:record xmlns:marc="http://www.loc.gov/MARC21/slim">
   <marc:leader>00000nam a2200000 a 4500</marc:leader>
   <marc:datafield ind1="1" ind2=" " tag="100">
      <marc:subfield code="a">Wallace, Edgar</marc:subfield>
      <marc:subfield code="4">aut</marc:subfield>
      <marc:subfield code="e">Verfasser/-in</marc:subfield>
   </marc:datafield>
   <marc:datafield ind1="1" ind2=" " tag="100">
      <marc:subfield code="a">Müller, Gregor</marc:subfield>
      <marc:subfield code="4">trl</marc:subfield>
      <marc:subfield code="e">Übersetzer/-in</marc:subfield>
   </marc:datafield>
   <marc:datafield ind1="1" ind2=" " tag="100">
      <marc:subfield code="a">Küas, Richard</marc:subfield>
      <marc:subfield code="4">trl</marc:subfield>
      <marc:subfield code="e">Übersetzer/-in</marc:subfield>
   </marc:datafield>
   <marc:datafield ind1="1" ind2=" " tag="100">
      <marc:subfield code="a">Wallace, Edgar</marc:subfield>
   </marc:datafield>
   <marc:datafield ind1=" " ind2=" " tag="653">
      <marc:subfield code="a">Historische Kriminalromane</marc:subfield>
   </marc:datafield>
   <marc:datafield ind1="0" ind2="0" tag="245">
      <marc:subfield code="a">Der unheimliche Mönch</marc:subfield>
   </marc:datafield>
   <marc:datafield ind1="0" ind2="0" tag="245">
      <marc:subfield code="c">aus dem Engl. von Gregor Müller</marc:subfield>
   </marc:datafield>
   <marc:datafield ind1=" " ind2="1" tag="264">
      <marc:subfield code="a">München</marc:subfield>
      <marc:subfield code="b">Goldmann</marc:subfield>
      <marc:subfield code="c">2007</marc:subfield>
   </marc:datafield>
   <marc:datafield ind1="1" ind2=" " tag="520">
      <marc:subfield code="a">Angaben aus der Verlagsmeldung

Der unheimliche Mönch/Die gebogene Kerze/Die drei Gerechten : Drei Romane in einem Band / von Edgar Wallace

Zum 75. Todestag von Edgar Wallace &#x96; seine besten Krimis in neuer Ausstattung&lt;br /&gt;
&lt;br /&gt;Nachts, wenn alles ruhig war, hörten es die Bewohner des Herrenhauses von Monkshall immer wieder: erst Orgelspiel - danach einen entsetzlichen Schrei. Manche sahen auch eine Gestalt in schwarzer Mönchskutte... Dann aber fiel am hellen Tag ein Schuss durch das hohe, offene Fenster in die Halle - und schließlich verschwand einer der Gäste spurlos. War der unheimliche Mönch wirklich nur eine Ausgeburt lebhafter Träume?&lt;br /&gt;
&lt;br /&gt;
</marc:subfield>
   </marc:datafield>
   <marc:datafield ind1=" " ind2=" " tag="020">
      <marc:subfield code="a">9783442555086</marc:subfield>
      <marc:subfield code="9">9783442555086</marc:subfield>
   </marc:datafield>
   <marc:datafield ind1=" " ind2=" " tag="041">
      <marc:subfield code="a">ger</marc:subfield>
   </marc:datafield>
   <marc:datafield ind1=" " ind2=" " tag="300">
      <marc:subfield code="a">153, 149, 222 S.</marc:subfield>
   </marc:datafield>
</marc:record>
